[Event "Hoogovens-B"]
[Site "Wijk aan Zee"]
[Date "1999.01.30"]
[Round "10"]
[White "Bosch, Jeroen"]
[Black "Janssen, Ruud"]
[Result "1/2-1/2"]
[WhiteElo "2470"]
[BlackElo "2445"]
[Annotator "Golod,V"]
[PlyCount "74"]
[EventDate "1999.01.19"]
[EventType "tourn"]
[EventRounds "11"]
[EventCountry "NED"]
[EventCategory "11"]
[SourceTitle "CBM 069"]
[Source "ChessBase"]
[SourceDate "1999.04.01"]
[SourceVersion "1"]
[SourceVersionDate "1999.04.01"]
[SourceQuality "1"]

1. e4 c5 2. Nf3 e6 3. d4 cxd4 4. Nxd4 Nf6 5. Nc3 Nc6 6. Ndb5 Bb4 $5 ({Another
line is:} 6... d6 $5) 7. a3 Bxc3+ 8. Nxc3 d5 9. exd5 exd5 10. Bd3 O-O {is the
main line.Other alternatives are:} (10... Bg4) (10... Be6 $6) (10... Qe7+) (
10... Ne5 $6) (10... h6) 11. O-O d4 $1 {is the best move.} 12. Ne2 $5 {
Nowadays- 12.Ne4 is not actual.} Re8 $5 {Besides,12...Qd5;12...Bg4;12...a6;12..
.h6;12...Ng4;12...Qd6;12...Qb6-was checked in the previous games.} 13. Bg5 (13.
b4 $5 Nd5 $5 (13... Bg4 $143 14. f3 Bh5 15. Bb2 a6 16. Rf2 $14 {1/2-1/2
Yudasin,L-Sorokin,M/Moscow 1992/CBM 33 (44)}) 14. Qd2 Bg4 15. Bb2 Bxe2 16. Bxe2
Qf6 17. Bd3 Nf4 $11 {1/2-1/2 Matsuura,E-Chernov,V/Elista 1998/CBM 66 ext (40)})
(13. h3 $6 Ne4 (13... h6 $5 {See comments to Bologan,V-Chernov,V/Kishinev,1998/
CBM 64/(1/2-1/2)[Kostakiev,D](44)}) 14. Bb5 Qb6 15. a4 $6 (15. Bxc6 bxc6 16.
Qxd4 Ng3 $1 17. fxg3 Rxe2 $11) 15... Rd8 16. Qd3 Bf5 17. Qf3 Bg6 $15 {0-1
Gaponenko,I-Tufa,S/ROM-chT 1994/EXT 97 (54)}) 13... Re5 ({Worse is:} 13... h6
14. Bh4 a6 15. Re1 Bd7 16. Qd2 Rc8 17. Rad1 $14 {1-0 Seirawan,Y-Comp Leonardo
Maestro/Zuerich 1988/EXT 97 (35)}) ({Also worse is:} 13... Bg4 14. f3 Be6 15.
Re1 $14 {1-0 Zozulia,A-Pothika,L/WchJW U16 1996 (49)}) 14. Bf4 $5 {+/=/=} (14.
f4 $6 Re8 15. Ng3 Qd6 16. f5 Ne5 17. Bxf6 Qxf6 {=/=/+ 1/2-1/2 Kotronias,
V-Khenkin,I/Iraklion 1992/EXT 99 (47)}) (14. Qd2 $5 Bf5 $1 (14... h6 $143 15.
Bf4 Re8 16. Rfe1 Ne4 17. Bxe4 Rxe4 18. Ng3 Rxe1+ 19. Rxe1 {1/2-1/2 Khalifman,
A-Lautier,J/Moscow 1992/EXT 97 (30) =/+/=}) 15. f4 (15. Bxf5 Rxf5 16. Rad1 h6
17. Bxf6 Qxf6 $11 {1/2-1/2 Solak,D-Chernov,V/Brasov 1998/CBM 63 ext (30)})
15... Rd5 16. Ng3 Bxd3 $11 {1/2-1/2 Mortensen,E-Sorokin,M/Ostrava 1992/CBM 33 
(29)}) 14... Rd5 $1 {[%cal Gc8f5]} 15. Ng3 $5 {><f5} (15. Re1 Bf5 16. Ng3 Bxd3
17. Qxd3 Qd7 18. h3 Rd8 19. Re2 h6 {1/2-1/2 Kholmov,R-Janovsky,S/Voskresensk
1992/CBM 31 (47) +/=/=}) 15... Ne5 $1 {is the best move.} 16. Bxe5 ({Can be
recommended:} 16. Re1 Nxd3 17. Qxd3 {+/=/=}) 16... Rxe5 17. Qd2 Qb6 18. b4 $5
$146 {/\Rfe1;weakness(Pd4)} (18. Rae1 $5 Rxe1 19. Rxe1 Be6 (19... Qxb2 $2 20.
Nh5 $40) 20. b3 Rd8 21. a4 Qc5 22. Ne4 Nxe4 23. Rxe4 h6 $11 {1-0 Kamsky,
G-Lautier,J/Paris 1992/CBM 33 (55)}) 18... Bd7 $5 {[%cal Ga8e8][%mdl 256]} ({
Slight worse is:} 18... Bg4 {in view of:} 19. h3) 19. Rfe1 Rae8 20. Rxe5 Rxe5
21. Ne2 {White's plan is:Rd1or Bc4 with pressure on Pd4} ({After:} 21. Qf4 Qd6
22. Ne2 Rd5 23. Qxd6 Rxd6 {equality}) 21... Rd5 $8 (21... Bc6 $4 22. Nxd4 Ne4 (
22... Qxd4 $4 23. Bxh7+ $18 {[%csl Rd4]}) 23. Bxe4 Bxe4 24. Re1 $16) 22. Rd1 ({
Senseless:} 22. Bc4 Rd6 23. Rd1 {[%csl Rd4] because of:} Bg4 $1 $11 24. f3 $140
$4 d3+ $19) 22... Bg4 $1 23. h3 ({Dubious:} 23. f3 Bd7 $13) 23... Bxe2 $8 ({
Badly:} 23... Bh5 {in view of:} 24. g4 $1 Bg6 (24... Nxg4 $143 25. hxg4 Bxg4
26. Re1 $16) 25. Bxg6 hxg6 26. Nxd4 $16) 24. Qxe2 Rd8 25. Bc4 $5 {/\Bb3,Qc4}
Qc7 $1 {<->c(><c4)} 26. Bb3 g6 {Black's plan:Kg7,Rd7} 27. Qd3 {[%csl Rd8][%cal
Gc2c3]} Rd7 $11 {[%csl Yd7][%cal Yd7f7,Yd7d4]} 28. Ba4 Rd5 29. Bb3 Rd7 30. Re1
(30. Bc4 Re7 $5 31. Bb3 ({Loses:} 31. Qxd4 $4 Rd7 32. Qa1 Rxd1+ 33. Qxd1 Qxc4
34. Qd8+ Kg7 $19) 31... Rd7 $11) 30... Kg7 31. Ba4 Rd6 32. Bb3 Rd7 33. g3 $5 {
><f4} h6 34. Ba4 Rd6 35. Bb3 Rd7 36. Ba4 ({Can be recommended:} 36. Qc4) 36...
Rd6 37. Bb3 Rd7 1/2-1/2

[Event "Excelsior Cup"]
[Site "Gothenburg"]
[Date "1999.01.12"]
[Round "6"]
[White "Hector, Jonny"]
[Black "Ziegler, Ari"]
[Result "1-0"]
[WhiteElo "2542"]
[BlackElo "2402"]
[Annotator "Golod,V"]
[PlyCount "73"]
[EventDate "1999.01.07"]
[EventType "tourn"]
[EventRounds "9"]
[EventCountry "SWE"]
[EventCategory "10"]
[SourceTitle "CBM 069"]
[Source "ChessBase"]
[SourceDate "1999.04.01"]
[SourceVersion "1"]
[SourceVersionDate "1999.04.01"]
[SourceQuality "1"]

1. e4 c5 2. Nf3 Nc6 3. Nc3 e6 4. d4 cxd4 5. Nxd4 Nf6 6. Nxc6 bxc6 7. e5 Nd5 8.
Ne4 Qc7 9. f4 Qa5+ 10. Bd2 (10. c3 $5 {-see comments to Voitsekhovsky,
S-Yagupov,I/N.Novgorod,1998/(1-0)[Golod,V] (39)}) 10... Qb6 11. Bd3 Ba6 $6 {
After this move,white has a big positional advantage in the middlegame and in
the endgame.} ({Better is:} 11... Be7 $5 {-see comments to Fedorov,A-Khalifman,
A/Samara,1998/CBM 67(1/2-1/2)[Golod,V] (27)}) ({and also dubious:} 11... Qxb2 {
-see comments to Voitsekhovsky-Yagupov,I/N.Novgorod,1998}) 12. Bxa6 Qxa6 13. b3
$5 {with the idea:14.c4;15.0-0} ({Slight worse is:} 13. Qe2 Qxe2+ (13... Qb6
14. c4 $6 (14. b3 $5 $14) 14... Qxb2 15. O-O Nb6 16. Kh1 Qd4 $44 {1/2-1/2 Emms,
J-Wagner,C/London 1994/CBM 45 ext (39)}) 14. Kxe2 f5 15. Nf2 Rb8 16. b3 $5 (16.
c4 $143 Nb4 17. Bc3 Bc5 18. a3 Nc2 19. Rac1 Nd4+ 20. Bxd4 Bxd4 21. b4 Bxf2 22.
Kxf2 Ke7 {1-0 Manik,M-Hlavnicka,J/Lazne Bohdanec 1997/EXT 98 (37) +/=/=}) 16...
Bb4 17. g3 $14 {1-0 Fedorov,A-Kozlov,V/Voskresensk2 1993 (42)}) 13... Qb6 {
[%cal Gd5e3]} 14. Qe2 f5 $146 (14... Be7 {was checked in the previous game.}
15. c4 Nb4 16. Bc3 c5 $6 17. O-O O-O $2 18. Nf6+ $1 Bxf6 19. exf6 g6 20. f5
gxf5 $2 (20... exf5 $8 $16) 21. Qh5 Kh8 22. Rf3 $18 {1-0 Degraeve,J-Cerisier,P/
Strasbourg 1992/EXT 97 (22)}) 15. exf6 {-is the best reaction to- 14...f5.
Dubious:} (15. Nd6+ Bxd6 16. exd6 O-O (16... Qd4 $6 17. Qe5 $1 $14) 17. c4 Nf6
$15) ({and badly:} 15. Nf2 {in view of:} Nxf4 $1 16. Bxf4 Qd4 $17 {[%csl Ra1,
Rf4]}) 15... Nxf6 ({Loses :} 15... gxf6 {because of:} 16. c4 Qd4 (16... f5 17.
cxd5 fxe4 18. dxe6 $18) 17. Rd1 f5 $8 (17... Nb4 18. Bc3 $18) 18. Qh5+ Ke7 $8 (
18... Kd8 19. Ba5+) 19. Ng5 $1 $18 {[%csl Rd5][%cal Gh5f7,Gd2b4]}) 16. Nxf6+ $1
{[%cal Ge2h5]} gxf6 17. Qh5+ Ke7 ({Worse is:} 17... Kd8 18. O-O-O (18. Ba5 $4
Bb4+ 19. Bxb4 Qxb4+ $19 {[%csl Re1,Rf4]}) 18... a5 (18... Ba3+ 19. Kb1 Qd4 $4 {
is refuted by:} 20. Ba5+ $18) 19. Rhe1 {with strong initiative.}) 18. O-O-O $14
Qb5 $5 ({Dubious:} 18... a5 {(/\a4)in view of:} 19. a4 $5 $14 {[%csl Ra5]}) (
18... Bg7 $5) 19. f5 $1 ({After:} 19. Qxb5 cxb5 20. Bb4+ Ke8 21. Bxf8 Rxf8 22.
Rd6 Ke7 23. Rhd1 Rfd8 {/\Rac8-c7} 24. Ra6 Rdc8 $1 {white has a slight
advantage in the endgame.}) 19... e5 $6 ({Loses right away:} 19... Qxf5 {
in view of:} 20. Bb4+ $1 Kd8 (20... c5 $143 21. Bxc5+ Kd8 22. Qf7 $18) 21. Ba5+
$1 Ke7 (21... Kc8 22. Qe8+) 22. Qxf5 exf5 23. Rhe1+ Kf7 24. Rxd7+ Kg6 25. Re6
$18) ({Can be recommended:} 19... a5 20. a4 $5 (20. Rhe1 a4 $132) 20... Qxf5
21. Qxf5 exf5 $14 {_|_}) 20. Rhe1 a5 $2 (20... d5 $142 21. g4 $40 {[%cal Gg4g5]
}) (20... Kd8 $6 21. Qf7 Be7 22. Bh6 $16) 21. Kb1 $6 ({Very strong is:} 21. a4
$1 Qc5 ({Syn:} 21... Qb8 22. Rxe5+ Qxe5 $8 23. Re1 $16) 22. Rxe5+ $1 Qxe5 $8 (
22... fxe5 $4 23. Bg5#) 23. Re1 $16) ({Also good enough:} 21. Rxe5+ Qxe5 22.
Re1 Qxe1+ 23. Bxe1 $16 a4) 21... d6 {[%cal Yd6e5]} 22. a4 Qb8 $6 (22... Qc5
$142 23. Be3 Qb4 $14) 23. Bc1 $5 {/\Ba3(weakness:Pd6) or g4,g5->} Ra7 24. g4
$16 {[%mdl 128]} Rd7 $6 ({Can be recommended:} 24... d5 25. g5 $140 Bg7) 25. g5
Bg7 $8 26. Ba3 c5 $2 {[%mdl 8192] Loses right away.} ({It is necessary:} 26...
Qc7 $5 27. Rd3 c5 $16) 27. Bxc5 $1 Qe8 (27... dxc5 $2 28. Rxd7+ (28. gxf6+ $142
$5 Bxf6 29. Rxd7+ Kxd7 30. Qf7+ Kc8 (30... Be7 31. Rd1+ $18) 31. Qxf6 $18)
28... Kxd7 29. Qf7+ $18) 28. Rxe5+ $6 (28. Qh4 $142 $1 dxc5 $140 29. gxf6+ Bxf6
30. Rxe5+ $1 $18) 28... fxe5 $8 29. f6+ Bxf6 (29... Kd8 $143 30. fxg7 Rg8 31.
Bb6+ Kc8 32. Qxh7 $18 {[%cal Gh7e4]}) 30. gxf6+ Kd8 ({Loses:} 30... Kxf6 {
in view of:} 31. Qh4+ Ke6 32. Qc4+ Ke7 (32... Kf6 33. Rf1+ Ke7 (33... Kg7 34.
Qg4+) 34. Qh4+ Ke6 35. Rf6+ Kd5 36. Qc4+ Kc6 37. Bxd6+ $18) 33. Bxd6+ $1 Rxd6
34. Qc5 $1 {[%csl Rd6,Rh8][%cal Gc5e5]} Qd7 35. Qxe5+ Qe6 36. Qg7+ $18) 31.
Bb6+ Kc8 32. Qf5 {[%cal Gd1d6]} Kb7 (32... Qg6 33. Qe6 Re8 34. Qc4+ Kb7 (34...
Kb8 35. Rxd6 $1 $18) 35. Rxd6 $1 $18) 33. Bxa5 {/\Qe4+} d5 $6 ({Slight better
is:} 33... Qc8 {+/-/+-}) 34. Bb4 $18 {/\Be7(weakness:Pd5,e5)} Qf7 35. Qxe5 Rc8
36. Bd6 {[%csl Rd5][%cal Gd1d5]} Kc6 37. Qc3+ (37. Qc3+ Kb7 $8 38. Qb4+ Ka8 (
38... Kc6 39. Be5 {[%csl Rc6][%cal Gb4b5]}) 39. Qa5+ Ra7 40. Qxd5+ $18) 1-0

[Event "MK Cafe Cup-A"]
[Site "Koszalin"]
[Date "1999.08.13"]
[Round "10"]
[White "Nataf, Igor Alexandre"]
[Black "Filippov, Valerij"]
[Result "1-0"]
[WhiteElo "2504"]
[BlackElo "2605"]
[Annotator "Golod,V"]
[PlyCount "75"]
[EventDate "1999.08.03"]
[EventType "swiss"]
[EventRounds "9"]
[EventCountry "POL"]
[SourceTitle "CBM 073"]
[Source "ChessBase"]
[SourceDate "1999.12.01"]
[SourceVersion "1"]
[SourceVersionDate "1999.12.01"]
[SourceQuality "1"]

1. e4 c5 2. Nf3 e6 3. d4 cxd4 4. Nxd4 Nf6 5. Nc3 Nc6 6. Nxc6 bxc6 7. e5 Nd5 8.
Ne4 Qc7 $5 (8... Bb7 $5 {-see comments to Anand,V-Leko,P/Dortmund,1999/CBM72 
(1/2-1/2)(Golod,V)(29)}) 9. f4 Qa5+ 10. Bd2 (10. c3 $5 {-see comments to
Voitsekhovsky,S-Yagupov,I/RUS-Cup,N.Novgorod,1998/CBM 66(1-0)(Golod,V)(39)})
10... Qb6 11. c4 $6 {[%mdl 4]} (11. Bd3 $5 {Is the main line.See comments to
Hector,J-Ziegler,A/ Goteborg,1999/CBM 69(1-0)(Golod,V)(37)}) 11... Qd4 {
[%csl Rb2,Re4]} ({Dubious:} 11... Ne3 {in view of:} 12. Qc1 Nxf1 13. Rxf1 Qd4
14. Qc2 Ba6 15. Rc1 $14) 12. Qf3 $5 $146 {[%mdl 8]} ({After:} 12. Qb1 Rb8 $1
13. b3 $8 (13. cxd5 $4 Rxb2 14. Qd3 Rxd2 $1 $19 {Clementsson,J-Loven,A/SVE-chT,
1996 (1-0)(40)}) 13... f5 $1 {-black has a positional advantage.See comments
to Adams,M-Khenkin,I/ Chalkidiki,1992/CBM32(1/2-1/2)(Horvath,Ta) (42)}) 12...
Qxb2 {Is the best move.} ({Badly:} 12... Nb4 {because of:} 13. Bc3 Nc2+ $140 $6
(13... Qb6 $5 14. Qe2 $14) 14. Ke2 Ba6 (14... Qxc4+ $4 15. Kd2 {[%csl Rc2,Rc4]}
Qa4 16. b3 $18) 15. b3 Bb4 16. Rd1 Bxc3 17. Nxc3 $16) 13. Rd1 ({Worse is:} 13.
Rc1 {in view of:} Nb4) 13... f5 $2 ({In my opinion considerably better is:} 
13... Nb4 {and it is incomprehensible how much strong compensation behind pawn.
}) 14. Nd6+ Bxd6 15. cxd5 $1 $36 {[%csl Gd5,Rd6][%cal Gd5c6,Gd5e6]} (15. exd6
$6 Nf6 16. Bc3 Qa3 {=/+/-/+}) 15... Bb4 $2 ({Can be recommended:} 15... Bc5 16.
dxc6 {[%csl Ra8,Gf3]} (16. dxe6 $143 Qxa2 $13) 16... Rb8 17. Bc4 O-O $6 (17...
Qb6 $5 $14) 18. cxd7 Bxd7 19. Bc3 Bb4 20. O-O $1 Qxc3 21. Qxc3 Bxc3 22. Rxd7
$16 {[%csl Ra7,Re6]}) (15... Bc7 $6 16. dxc6 $36) 16. dxe6 dxe6 ({Also after:} 
16... Bxd2+ 17. Rxd2 Qb1+ 18. Kf2 Qb6+ {[%csl Yb6,Rc6][%cal Yb6c6]} 19. Kg3
dxe6 20. Rd6 O-O 21. Bc4 {white has a big advantage.}) 17. Qxc6+ Ke7 18. Bb5 $1
{[%cal Gc6c7][%mdl 128]} (18. Qxa8 $2 {is refuted by:} Rd8 $1 ({Loses:} 18...
Bxd2+ 19. Rxd2 Qc1+ 20. Rd1 Qe3+ (20... Qc3+ 21. Kf2 $18) 21. Be2 Qxe2+ (21...
Ba6 22. Qf3 $18) 22. Kxe2 Ba6+ 23. Ke3 Rxa8 24. Rd6 $18) 19. Qxa7+ (19. Kf2
Qd4+ $36) 19... Rd7 20. Qe3 (20. Qxd7+ $2 Bxd7 $36 {[%cal Gd7a4]}) 20... Bxd2+
21. Rxd2 Qc1+ 22. Ke2 Ba6+ 23. Kf3 Bb7+ 24. Ke2 (24. Kg3 $6 Qxd2 (24... Rxd2
$143) 25. Qxd2 Rxd2 $15 {_|_}) 24... Ba6+ $11) 18... Rd8 $8 19. O-O $1 $16 ({
Slightly worse is:} 19. Qc7+ Bd7 20. O-O (20. Kf1 $2 Bxd2 21. Qd6+ Kf7 22. Bxd7
Be3 {[%csl Rf1][%cal Gb2f2]} 23. Qxe6+ Kf8 24. Qd6+ Kf7 25. Qd5+ Ke7 26. Qe6+
Kf8 27. Qd6+ Kf7 $11) 20... Bxd2 21. Qd6+ Kf7 22. Bxd7 Be3+ 23. Kh1 Qxa2 24.
Rf3 $36) 19... Bxd2 (19... Rxd2 $4 20. Qe8#) 20. Qc7+ Bd7 $8 (20... Rd7 $4 21.
Bxd7 Bxd7 22. Qd6+ Ke8 23. Rxd2 $18) 21. Qd6+ Kf7 $8 ({Loses right away:} 21...
Ke8 {in view of:} 22. Bxd7+ $1 (22. Qxe6+ $5) 22... Rxd7 23. Qxe6+ $18 {
[%csl Ra8,Rd7][%cal Ge6g8]}) 22. Bxd7 {[%csl Rd2,Re6]} Be3+ 23. Kh1 Qxa2 {
[%csl Ya2,Re6][%cal Ya2e6]} 24. Qc7 $1 {wiht the idea:25.Bc6+ or 25.Bxe6+ Kxe6
26.Rxd8} Bb6 $8 (24... Kg6 $2 25. Bxe6 Rxd1 26. Rxd1 $1 $18) 25. Bxe6+ $1 {
After this move white has a forced win!} Kxe6 26. Qxg7 {[%csl Re6][%cal Gg7f6]}
Rd2 (26... Rd4 $143 27. Qf6+ Kd7 28. Rxd4+ Bxd4 29. Qd6+ $18 {[%csl Rd4,Rd7]})
27. Qf6+ Kd7 28. e6+ $1 $18 Kd6 (28... Kc6 $143 29. Qc3+ {[%csl Rc6,Rd2]}) (
28... Kc8 $143 29. Qc3+ {[%csl Rc8,Rd2]}) 29. Qe5+ $5 ({Slightly better is:} 
29. e7+ $1 Kd7 (29... Kc7 30. Qc3+) 30. Qxf5+ Kc7 (30... Kxe7 31. Rfe1+ Kd6 32.
Qf6+ {[%csl Rd2,Rd6][%cal Gf6c3]}) 31. Qe5+ {[%cal Ge7e8]} Kd7 32. Qb5+ Kxe7
33. Qb4+ {[%csl Rd2,Re7]}) 29... Ke7 $8 (29... Kc6 30. Qc3+ {[%csl Rd2]}) 30.
Qg7+ Kxe6 (30... Kd8 $143 31. Qf7 {[%cal Ge6e7]} (31. Qf8+ {[%csl Ra8]}) 31...
Bc5 32. e7+ $1 Bxe7 33. Qxa2 {[%csl Gd1,Rd8]}) 31. Rfe1+ Kd6 32. Qf6+ Kd5 {
Differently 33.Qc3+(צd2)} (32... Kd7 33. Re7+ Kc8 34. Qc6+ {mate in 1}) 33.
Qe6+ Kc5 $8 (33... Kd4 $2 34. Qxa2) 34. Rc1+ Kb4 (34... Kd4 $143 35. Qf6+ Kd5 (
35... Kd3 36. Qc3#) 36. Qe5#) (34... Kb5 35. Qc6+ Kb4 36. Qxa8) 35. Rb1+ Ka5 (
35... Kc3 $144 36. Rec1+ Kd3 (36... Kd4 37. Qe5+ Kd3 38. Rc3#) 37. Qxf5+ Ke2
38. Qe4+ Be3 39. Re1+ Kf2 40. Qf3#) (35... Kc5 $144 36. Rec1+ Rc2 (36... Kd4
37. Qe5+ Kd3 38. Rc3#) 37. Qxa2 {[%csl Gc1,Rc5]}) 36. Ra1 Qxa1 37. Rxa1+ Kb4 (
37... Kb5 38. Rb1+ Kc5 (38... Ka6 39. Qc6 {[%csl Ra6,Ra8,Gc6][%cal Gb1a1]}) 39.
Rc1+ Kb4 40. Qc4+ Ka3 41. Rc3+ Kb2 42. Qb3+ Ka1 43. Rc1#) 38. Qc6 {[%csl Ra8,
Rb4][%cal Ga1a4,Gc6a8,Ga1b1]} (38. Qc6 Rad8 39. Rb1+ (39. Ra4+ Kb3 40. Qc4+ Kb2
41. Ra2+ Kb1 42. Qb3+ Kc1 43. Ra1#) 39... Ka3 40. Qc3+ {[%csl Ra3][%cal Gc3a1,
Gc3b4]}) 1-0

[Event "Dortmund SuperGM 27th"]
[Site "Dortmund"]
[Date "1999.07.14"]
[Round "4"]
[White "Anand, Viswanathan"]
[Black "Leko, Peter"]
[Result "1/2-1/2"]
[WhiteElo "2771"]
[BlackElo "2701"]
[Annotator "Golod,V"]
[PlyCount "57"]
[EventDate "1999.07.10"]
[EventType "tourn"]
[EventRounds "7"]
[EventCountry "GER"]
[EventCategory "19"]
[SourceTitle "CBM 072"]
[Source "ChessBase"]
[SourceDate "1999.10.01"]
[SourceVersion "1"]
[SourceVersionDate "1999.10.01"]
[SourceQuality "1"]

1. e4 c5 2. Nf3 e6 3. d4 cxd4 4. Nxd4 Nf6 5. Nc3 Nc6 6. Nxc6 bxc6 7. e5 Nd5 8.
Ne4 Bb7 $5 (8... Qc7 $5 {Is the main line.See comments to Hector,J-Ziegler,A/
Goteborg 1999/CBM 69(1-0)(Golod,V)(37) Besides:8...Qa5;8...f5;8...Qh4;8...Ba6;
8...Be7;8...Qb6;8...c5 and 8...h6-was checked in the previous games.}) 9. Be2 (
{Can be recommended:} 9. c4 $5 {-you can see comments to game Kasparov,G-Leko,
P/Linares,1999/CBM 70(1/2-1/2)(Golod,V)(48)}) 9... c5 $5 {/^a8-h1,/\Qc7(קe5)}
10. O-O {with the idea c4,Nd6} ({Worse is:} 10. c4 {in view of:} Ne3 $1 11.
Bxe3 Bxe4 12. f3 Bc6 $11) 10... Qc7 11. Nd6+ ({After:} 11. f4 {black has two
equals options: 11...c4 or 11... f5}) 11... Bxd6 12. exd6 Qc6 $5 {[%csl Gb7,
Gc6,Rg2]} ({Another alternative is:} 12... Qb6) 13. f3 ({Dubious:} 13. Bf3 {
because of:} c4) 13... c4 {/\Rc8,Qd6} 14. Qd4 {[%csl Rc4,Rg7]} O-O 15. Bxc4 {
with the idea:16.Bb3 or 16.Bd3 and 17.c4} Qxd6 16. Rd1 $5 ({After:} 16. Bb3 Qb6
$1 {Black transfers to nearly egual endgame. See comments to Kasparov,G-Leko,P/
Linares,1999/CBM 70(1/2-1/2)(Golod,V)(48)}) 16... Rfc8 $5 {/\Qb6} ({Dubious
right away:} 16... Qb6 {in view of:} 17. Bxd5 $1 (17. Bb3 $143 Rfc8 $11) 17...
Bxd5 18. b3 {[%cal Gc1a3]} Bc6 19. Ba3 Qxd4+ 20. Rxd4 Rfc8 21. Bd6 {and white
has a slight positional advantage in the endgame.}) ({Badly:} 16... e5 {
because of:} 17. Qf2 $1 (17. Bf4 $6 {[%csl Gd4,Rd6,Gf4]} Qb6 $1 (17... exf4 $2
18. Bxd5 Bxd5 19. Qxd5 Qb6+ 20. Qd4 {+/=/+/-_|_}) 18. Bxe5 $8 Ne3 19. Qxb6 axb6
20. Rd4 Ra5 $5 $11 (20... Nxc2 $5 21. Rg4 g6 22. Rc1 Ne3 $11)) 17... Rfc8 18.
Bb3 $16 {[%csl Rd5]}) 17. Bd3 $6 (17. Bb3 $5 Qb6 {-transfers to game Kasparov,
G-Leko,P/Linares,1999/CBM 70(1/2-1/2)(Golod,V)(48)}) 17... Qb6 $11 {Black
transfers to nearly egual endgame.} 18. Qxb6 Nxb6 $5 {with the idea d5,a5 and
Ba6} ({Slightly worse is:} 18... axb6) 19. b3 $5 $146 {[%cal Gc1b2][%mdl 8]} (
19. a4 $144 {[%csl Rb6][%cal Ga4a5] See comments to Svidler,P-Illescas Cordoba,
M/Dos Hermanas,1999/CBM 71(1/2-1/2)(Golod,V)(26)}) 19... d5 $5 ({Also
possibility:} 19... a5 $5 {[%cal Gb7a6]} 20. c4 $140 (20. Bd2 $5) 20... d5 21.
Be3 (21. c5 $2 Nd7 $1 $17 {[%csl Rc5]} (21... Rxc5 $2 22. Be3 Rc6 23. Bb5 Rd6
24. Bc5 {[%csl Rb6,Rd6]} Nc8 25. Bxd6 Nxd6 26. Bd3 $16)) 21... dxc4 22. Bxb6
cxd3 23. Rxd3 $11) 20. Bb2 a5 {with the idea Ba6(קc2)} 21. Bd4 Nd7 22. c4 f6
$5 {/\Kf7><e6} 23. f4 ({In my opinion slightly better is:} 23. cxd5 Bxd5 24.
Rac1) 23... Kf7 24. Rac1 ({Can be recommended:} 24. Rd2 $5 {[%cal Ga1e1]})
24... dxc4 25. Bxc4 ({Worse is:} 25. Rxc4 {because of:} Bd5) 25... Ba6 26. Bb2
{[%csl Rd7]} (26. Be3 $5 Ke7 27. Bxa6 Rxc1 28. Bxc1 $1 Rxa6 $140 29. Ba3+ Ke8
30. Rc1 Kd8 31. Rc4 {+/=/=}) 26... Nb8 {[%csl Rc4]} 27. Bf1 Rxc1 28. Rxc1 Bxf1
29. Kxf1 ({Senseless:} 29. Rc7+ {in view of:} Kg6 30. Kxf1 Na6 {[%csl Ra2,Rf4]
[%cal Ga6b4,Gb4d5]}) (29. Kxf1 Na6 $11 {[%csl Ra2][%cal Ga6b4]}) 1/2-1/2

[Event "Alushta Autumn 1st"]
[Site "Alushta"]
[Date "2002.09.19"]
[Round "7"]
[White "Shtyrenkov, Veniamen"]
[Black "Yagupov, Igor"]
[Result "1-0"]
[WhiteElo "2457"]
[BlackElo "2460"]
[Annotator "Golod,V"]
[PlyCount "61"]
[EventDate "2002.09.15"]
[EventType "tourn"]
[EventRounds "15"]
[EventCountry "UKR"]
[EventCategory "9"]
[SourceTitle "CBM 092"]
[Source "ChessBase"]
[SourceDate "2003.02.06"]
[SourceVersion "1"]
[SourceVersionDate "2003.02.06"]
[SourceQuality "1"]

1. e4 c5 2. Nf3 Nc6 3. d4 cxd4 4. Nxd4 Nf6 5. Nc3 e6 6. Nxc6 bxc6 7. e5 Nd5 8.
Ne4 Bb7 9. c4 $5 {In my opinion, this is very interesting reaction to previous
move of black.} f5 {Very risky decision. Black definitely spoils his pawn
structure, but instead he rapidly develop his pieces.} ({I have already
commented four games after:} 9... Nb4 {and you can, though take a look
comments for the last of them:} 10. c5 {Movsesian,S-Gavric,M/Neum,2002/CBM 90
(1-0)(Golod,V)(32)}) 10. cxd5 {Differently black is fine.} fxe4 11. dxe6 $146 (
{It is pretty not logically to take another pawn:} 11. dxc6 dxc6 $6 (11... Bxc6
$5) 12. Qb3 Qb6 13. Qxe6+ Be7 14. Bc4 Rf8 15. O-O $4 (15. Be3 $18) 15... Bc8 {
[%csl Re6] 0-1 Solodovnichenko,Y-Malakhatko,V/Alushta,2001(15)}) 11... Bb4+ (
11... dxe6 $143 12. Qxd8+ Rxd8 13. Bc4) 12. Bd2 Bxd2+ 13. Qxd2 dxe6 14. Bc4 $1
{After exchange of queens white's king holds very strong position in center.}
Qxd2+ ({Hardly it is better for the black:} 14... Qe7 15. Rd1) 15. Kxd2 Ke7 16.
Ke3 {+/=/+/-} Rhf8 17. Rhd1 Rf5 18. Rd2 {Invading on <->d definitely more
important,then Pe5.} Rc8 $6 {Black decides to cover 7th gorizontal.} ({I
recommend:} 18... Rxe5 19. Rad1 $140 Rd5 $1 (19... Bc8 $143 20. Rd8 Rd5 21.
Bxd5 exd5 22. Rh8 $16) 20. Kxe4 (20. Bxd5 $6 exd5 21. Rc1 Kd6 22. Rdc2 $14)
20... Rxd2 21. Rxd2 c5+ 22. Ke5 Bxg2 23. Bxe6 Bc6 24. f4 $1 (24. Rd6 $143 Be8
25. Rd5 Rb8 26. Rxc5 Rxb2 27. Rc7+ Kf8 28. Rxa7 Rxf2 $11) (24. Rc2 $143 Bd7 $1
25. Bxd7 Kxd7 26. Rxc5 Re8+ 27. Kd5 Re2 28. Ra5 $14) 24... Rb8 25. b3 {with
good chances for white to win in endgame.}) 19. Rad1 Rc7 20. Rd8 Rxe5 21. Rg8 {
[%csl Rg7] White with tempo holds 8th gorizontal.Now black does not have
enough time to sacrifice the R on field "d5".} Kf7 22. Rdd8 c5 (22... Rg5 23.
g3 c5 24. Rgf8+ $16 {and so on.}) 23. Rgf8+ (23. Rdf8+ $5 Kg6 $140 24. Re8)
23... Ke7 ({Very bad:} 23... Kg6 24. Rd6 Re7 25. Kf4 {[%csl Re6][%cal Gf4e5,
Ye5e6]}) 24. g4 $1 {[%csl Re5,Yg4][%cal Ge3f4,Gf4e5]} g5 $6 (24... Bd5 $2 25.
Kf4) ({It was bringing some practical chances for the rescue:} 24... Rd5 25.
Bxd5 exd5 26. Kf4 $16 {[%cal Gf4e5]}) 25. Rh8 {Now white are using weakness of
the black king and 7th gorizontal.} a5 (25... Bd5 26. b3 {[%csl Re5]}) ({
Again doesn't get through:} 25... Rd5 26. Rhe8+ Kf6 27. Rf8+ Ke7 28. Rde8+ Kd6
(28... Kd7 29. Rf7+) 29. Bxd5 exd5 30. Rf6+ Kd7 31. Rh8 $18) 26. h4 $1 {
White is using the unstable position of Re5.} Bd5 $2 {Immediately leads to a
losing game, but it is difficult for me to give a good advise for black.} (
26... gxh4 27. Kf4 Rd5 (27... Kf6 $4 28. Rhf8+ {[%csl Re5]}) 28. Bxd5 exd5 29.
Ke5 $1 $18) 27. Bxd5 Rxd5 ({Maybe black hopes on:} 27... exd5 {but and there,
they immediately become defeated:} 28. Rhe8+ Kf6 29. Rd6+) 28. Rxd5 exd5 29.
Rxh7+ Kd6 30. Rxc7 Kxc7 31. h5 {[%csl Rc7][%cal Gh6h7,Gh7h8,Gh5h6]} 1-0